000 00578nam a2200193 i 4500
001 16400
003 ES-MaACL
005 20251001150033.0
007 t|
008 000913s1983 sp ||||1| spa d
080 _a929 Fernández de Córdoba, Gonzalo
245 0 4 _aLas cuentas del Gran Capitan.
260 _a[Madrid] :
_bTribunal de Cuentas,
_c[1983]
300 _a36 p. ;
_c24 cm.
600 1 4 _aFernández de Córdoba, Gonzalo,
_d1453-1515
_949652
710 1 _aEspaña.
_bTribunal de Cuentas.
_94002
852 _aES-MaACL
_jG-2146
_bR.114409
999 _c16400
_d16400